00881nam a22002417a 4500999001700000003000900017008004100026040007100067082002000138100003200158245002300190260005000213300005200263440004600315505005300361650002200414650002700436650001800463700003500481942001600516945000900532952009800541 c12164d12164AR-CdUCM190408b ||||| |||| 00| 0 spa d aMUNICIPALIDAD PROVINCIAL DEL CUSCOcBIBLIOTECA MUNICIPAL DEL CUSCO aEP / 398 /bS47 aShimbucal Taish, Pedro Luis aWaujsá Chichat / aChachapoyas :bEditorial grafica Ebra,c2008. a13 páginas ;bIlustraciones, dibujos,c20 cm. aColección biblioteca de aula EIB929880 aContenido: Vivencias y tradiciones amazónicas. aChachapoyas95646 aAmazonia peruana97545 aAwajun929881 aNieva, Santa María de929882 2ddccLIBROS adavv 002ddc4070aSIbSIcCARTd2019-04-08g25.00oEP / 398 / S47pSI00001214r2019-04-08yLIBROS